000
00429nam a2200145Ia 4500
008
100204s9999 xx 000 0 und d
082
_b
15727
100
_a
रावजी आशू / कानडे दिनू
245
_a
सजनी
260
_b
"डॉल्फिन लायब्ररी, गोवा"
_c
1992
300
_a
195
630
_a
सजनी
730
_a
सजनी
942
_c
BOOK
999
_c
460150
_d
460147